TV Co-Workers Quiz Stats

 Plays Quiz Updated May 22, 2015

Also try: The Office Pranks
Challenge
Share
Tweet
Embed
Score 0/26 Timer 05:00
1 Play Today
Co-Workers TV Show % Correct
Homer, Mr. Burns, Smithers, Lenny, CarlThe Simpsons
92.5%
Dwight, Jim, Pam, Kevin, MichaelThe Office
87.8%
Leonard, Raj, Sheldon, Howard, KripkeThe Big Bang Theory
87.6%
Sam, Coach, Carla, Woody, Diane, RebeccaCheers
81.6%
Hawkeye, Hot Lips, B.J., Radar, FrankM*A*S*H
81%
Perry, Bob, J.D., Elliot, the JanitorScrubs
72%
Fry, Leela, Bender, Hermes, ScruffyFuturama
67.6%
Drew, Mimi, Oswald, Nigel, LewisThe Drew Carey Show
67%
C.J., Leo, Josh, Toby, President BartletThe West Wing
66.1%
Liz, Tracy, Kenneth, Jack, Pete30 Rock
65.1%
Leslie, Ron, April, Andy, TomParks and Recreation
64.5%
Alex, Louie, Tony, Latka, Rev. JimTaxi
61.7%
Dan, Bull, Christine, Roz, Judge StoneNight Court
59.5%
Co-Workers TV Show % Correct
Mary, Murray, Lou, Ted, Sue AnnThe Mary Tyler Moore Show
59%
Schultz, Hilga, Helda, Burkhalter, KlinkHogan's Heroes
49.1%
Don, Pete, Ken, Roger, LaneMad Men
44.6%
Andy, Big Guy, Johnny, Venus, LesWKRP in Cincinnati
43.3%
Barney, Wojo, Fish, Nick, RonBarney Miller
41.9%
Rob, Sally, Buddy, Mel, AlanThe Dick Van Dyke Show
40.1%
Joe, Brian, Helen, Fay, LowellWings
38.3%
John, Abby, Luka, Mark, DougE.R.
34.8%
Dick, Joanna, George, Stephanie, MichaelNewhart
29.2%
Dave, Jimmy James, Matthew, Lisa, BillNewsRadio
28.1%
Maya, Jack, Nina, Elliot, DennisJust Shoot Me!
26.3%
Mrs. Slocombe, Mr. Humphries, Mr. Grace, Mr. LucasAre You Being Served?
16.1%
Francis, Doug, Meecham, Remy, SethHouse of Cards
13.8%

You're not logged in!

Compare scores with friends on all Sporcle quizzes.
Join for Free
OR
Log In

You Might Also Like...

Show Comments

Extras

Top Quizzes Today


Score Distribution

Your Account Isn't Verified!

In order to create a playlist on Sporcle, you need to verify the email address you used during registration. Go to your Sporcle Settings to finish the process.

Report this User

Report this user for behavior that violates our Community Guidelines.

Details: